000
00248nam a2200097Ia 4500
001
684963
005
20250826161508.0
008
250824s9999 xx 000 0 und d
245
0
_a
ALBATROSUN ÇOCUKLARI/A.NİN/EVEREST
_c
ANAİS NİN
260
_b
EVEREST
999
_c
684963
_d
684963